[Event "67th POL-ch"]
[Site "Warsaw POL"]
[Date "2011.02.19"]
[Round "8"]
[White "Pakleza, Zbigniew"]
[Black "Krysztofiak, Marcin"]
[Result "0-1"]
[WhiteElo "2495"]
[BlackElo "2449"]
[PlyCount "32"]
[EventDate "2011.02.12"]

1. d4 Nf6 2. Nf3 d5 3. Bf4 c5 4. c3 Nc6 5. dxc5 e6 6. b4 a5 7. Nd4 axb4 8. Nxc6
bxc6 9. cxb4 Ng4 10. Bg3 Qf6 11. Nd2 h5 12. h4 Ra3 13. Qc1 Rxg3 14. Nf3 Rxf3
15. exf3 Qe5+ 16. Be2 Ba6 0-1

[Event "67th POL-ch"]
[Site "Warsaw POL"]
[Date "2011.02.19"]
[Round "8"]
[White "Tazbir, Marcin"]
[Black "Macieja, Bartlomiej"]
[Result "1/2-1/2"]
[WhiteElo "2527"]
[BlackElo "2636"]
[PlyCount "101"]
[EventDate "2011.02.12"]

1. e4 c5 2. Nf3 Nc6 3. d4 cxd4 4. Nxd4 g6 5. c4 Nf6 6. Nc3 d6 7. Be2 Nxd4 8.
Qxd4 Bg7 9. Be3 O-O 10. Qd2 Be6 11. Rc1 Qa5 12. f3 Rfc8 13. Nd5 Qxd2+ 14. Kxd2
Nxd5 15. cxd5 Bd7 16. Rxc8+ Rxc8 17. Rc1 Bxb2 18. Rxc8+ Bxc8 19. Bxa7 Bd7 20.
Bb6 Kf8 21. Bc4 Ba3 22. Bd4 Ke8 23. Kd3 Bc5 24. Bb3 Bb5+ 25. Bc4 Ba4 26. Bb3
Bb5+ 27. Bc4 Bd7 28. Bb3 Kd8 29. Bxc5 dxc5 30. Kc4 b6 31. e5 Kc7 32. a4 Bc8 33.
Bc2 Ba6+ 34. Kc3 Bf1 35. g4 Be2 36. g5 Bxf3 37. Kc4 Be2+ 38. Bd3 Bf3 39. Bf1
Kb7 40. a5 Bg4 41. axb6 Kxb6 42. h4 Bc8 43. Kc3 Ba6 44. Bc4 Bb5 45. Ba2 Kc7 46.
Bb3 Kb6 47. Bc4 Bd7 48. Be2 Bb5 49. Bc4 Bd7 50. Be2 Bb5 51. Bc4 1/2-1/2

[Event "67th POL-ch"]
[Site "Warsaw POL"]
[Date "2011.02.19"]
[Round "8"]
[White "Kempinski, Robert"]
[Black "Socko, Bartosz"]
[Result "1/2-1/2"]
[WhiteElo "2600"]
[BlackElo "2660"]
[PlyCount "54"]
[EventDate "2011.02.12"]

1. d4 Nf6 2. c4 e6 3. Nf3 d5 4. Nc3 c6 5. Bg5 h6 6. Bxf6 Qxf6 7. e3 Nd7 8. Bd3
dxc4 9. Bxc4 g6 10. O-O Bg7 11. e4 e5 12. d5 Nb6 13. Bb3 Bg4 14. Rc1 O-O 15. h3
Bxf3 16. Qxf3 Qxf3 17. gxf3 Rfd8 18. Rfd1 Bf6 19. dxc6 bxc6 20. Rxd8+ Rxd8 21.
Nd1 Rc8 22. Ne3 Kg7 23. Rc5 Be7 24. Rc1 Bg5 25. Rc5 Be7 26. Rc2 Bg5 27. Rc5 Be7
1/2-1/2

[Event "67th POL-ch"]
[Site "Warsaw POL"]
[Date "2011.02.19"]
[Round "8"]
[White "Swiercz, Dariusz"]
[Black "Bartel, Mateusz"]
[Result "0-1"]
[WhiteElo "2540"]
[BlackElo "2617"]
[PlyCount "100"]
[EventDate "2011.02.12"]

1. d4 d5 2. c4 e6 3. Nf3 c6 4. Nc3 dxc4 5. g3 b5 6. Bg2 Bb7 7. Ne5 a6 8. O-O
Nf6 9. a4 Qc8 10. e4 Be7 11. Bg5 h6 12. Be3 O-O 13. Ng4 Nxg4 14. Qxg4 e5 15.
Qh5 exd4 16. Bxd4 Nd7 17. Bh3 Qc7 18. Rad1 Bc8 19. e5 b4 20. Ne4 c5 21. Be3
Qxe5 22. Bf5 g6 23. Bxg6 fxg6 24. Qxg6+ Qg7 25. Qc6 Rb8 26. Bxh6 Rb6 27. Qd5+
Qf7 28. Bxf8 Qxd5 29. Rxd5 Nxf8 30. Nxc5 Rd6 31. Rfd1 Rxd5 32. Rxd5 Bf6 33. b3
c3 34. Nd3 Be6 35. Rc5 Bd4 36. Rc6 a5 37. Nc1 Kf7 38. Rd6 Bf6 39. Ra6 Bd8 40.
h4 Nd7 41. h5 Bb6 42. Ra8 Bd5 43. Rc8 Nc5 44. g4 Nxb3 45. Nd3 Nd2 46. Kh2 Bb7
47. Ne5+ Kf6 48. h6 Nf3+ 49. Nxf3 Bxc8 50. Ne5 Bc7 0-1

[Event "67th POL-ch"]
[Site "Warsaw POL"]
[Date "2011.02.20"]
[Round "9"]
[White "Tazbir, Marcin"]
[Black "Pakleza, Zbigniew"]
[Result "1-0"]
[WhiteElo "2527"]
[BlackElo "2495"]
[PlyCount "147"]
[EventDate "2011.02.12"]

1. e4 d6 2. d4 Nf6 3. Nc3 c6 4. f4 Qb6 5. e5 Nd5 6. Nxd5 cxd5 7. Bd3 Nc6 8. c3
g6 9. Qf3 e6 10. Qf2 Bd7 11. Nf3 O-O-O 12. Be3 Kb8 13. O-O Rc8 14. a4 Na5 15.
exd6 Bxd6 16. Ne5 Be8 17. b4 Nc6 18. b5 Na5 19. Rac1 Ba3 20. Rc2 f6 21. c4 fxe5
22. c5 Qd8 23. fxe5 Nc4 24. Bxc4 dxc4 25. Rxc4 Qd5 26. Qc2 a5 27. bxa6 Bc6 28.
Rb1 Rhf8 29. Rc3 Rf5 30. Rxa3 Rcf8 31. Ra2 Rf3 32. Re1 Rf2 33. Qxf2 Rxf2 34.
Rxf2 bxa6 35. a5 Kc7 36. h3 Bb5 37. Rf7+ Kc6 38. Rd1 Bc4 39. Rb1 Bb5 40. Rd1
Bc4 41. Bf2 Qe4 42. Re1 Qc2 43. Rxh7 Qd2 44. Rg7 g5 45. Re3 Qd1+ 46. Re1 Qd2
47. Re3 Qd1+ 48. Kh2 Qxd4 49. Bg1 Qf4+ 50. Rg3 Qxe5 51. R7xg5 Qe1 52. R3g4 Bd5
53. Rg8 Qxa5 54. R4g7 Qd2 55. Rc8+ Kb5 56. Rb8+ Ka4 57. Rg4+ Ka3 58. Bd4 Bc6
59. Rg3+ Ka4 60. Bc3 Qd5 61. Rb4+ Ka3 62. Rd4 Qf5 63. Be1+ Kb2 64. Rd2+ Kc1 65.
Rc3+ Kb1 66. Bg3 Qg5 67. Rb3+ Kc1 68. Rf2 e5 69. Ra3 Kb1 70. Rxa6 Be4 71. c6
Qe7 72. Ra5 Qc7 73. Raa2 Bd3 74. Rad2 1-0

[Event "67th POL-ch"]
[Site "Warsaw POL"]
[Date "2011.02.20"]
[Round "9"]
[White "Dragun, Kamil"]
[Black "Jakubowski, Krzysztof"]
[Result "0-1"]
[WhiteElo "2432"]
[BlackElo "2502"]
[PlyCount "70"]
[EventDate "2011.02.12"]

1. e4 c5 2. Nf3 d6 3. d4 cxd4 4. Nxd4 Nf6 5. Nc3 a6 6. Bg5 e6 7. f4 Be7 8. Qf3
Qc7 9. O-O-O Nbd7 10. g4 Rb8 11. Kb1 b5 12. Bxf6 Bxf6 13. g5 Bxd4 14. Rxd4 b4
15. Ne2 a5 16. h4 a4 17. Nc1 e5 18. Rc4 Qb6 19. Nd3 b3 20. cxb3 axb3 21. a3 O-O
22. Bh3 exf4 23. Rb4 Qa5 24. Rxb8 Nxb8 25. Nxf4 Bb7 26. Nd5 Bxd5 27. exd5 Na6
28. h5 Qd2 29. g6 Nc5 30. gxh7+ Kh8 31. Bf5 Re8 32. Ka1 Ra8 33. h6 g6 34. Kb1
gxf5 35. Qxf5 Qd3+ 0-1

[Event "67th POL-ch"]
[Site "Warsaw POL"]
[Date "2011.02.20"]
[Round "9"]
[White "Markowski, Tomasz"]
[Black "Gajewski, Grzegorz"]
[Result "1/2-1/2"]
[WhiteElo "2625"]
[BlackElo "2569"]
[PlyCount "60"]
[EventDate "2011.02.12"]

1. c4 Nf6 2. Nf3 e6 3. g3 d5 4. Bg2 Be7 5. O-O O-O 6. d4 dxc4 7. Qc2 a6 8. Qxc4
b5 9. Qc2 Bb7 10. Bd2 Be4 11. Qc1 Qc8 12. Bg5 Nbd7 13. Nbd2 Bb7 14. Ne5 Bxg2
15. Kxg2 c5 16. Nxd7 Qxd7 17. dxc5 Rfc8 18. b4 h6 19. Bxf6 Bxf6 20. Rb1 Qd5+
21. Nf3 Qxa2 22. Qd2 Qxd2 23. Nxd2 a5 24. Ne4 axb4 25. Rxb4 Ra4 26. Nxf6+ gxf6
27. Rxb5 Rc4 28. e3 R4xc5 29. Rxc5 Rxc5 30. Rd1 Kg7 1/2-1/2

[Event "67th POL-ch"]
[Site "Warsaw POL"]
[Date "2011.02.20"]
[Round "9"]
[White "Mista, Aleksander"]
[Black "Krysztofiak, Marcin"]
[Result "1-0"]
[WhiteElo "2565"]
[BlackElo "2449"]
[PlyCount "90"]
[EventDate "2011.02.12"]

1. e4 e5 2. Nf3 Nc6 3. Bb5 Nf6 4. O-O Nxe4 5. d4 Nd6 6. Bxc6 dxc6 7. dxe5 Nf5
8. Qxd8+ Kxd8 9. Nc3 Ke8 10. h3 h5 11. Bf4 Be7 12. Rad1 Nh4 13. Nxh4 Bxh4 14.
Ne4 Be7 15. Rfe1 Be6 16. Ng5 Bf5 17. c3 h4 18. e6 Bxg5 19. exf7+ Kxf7 20. Bxg5
Kg6 21. f4 Rae8 22. Bxh4 Rxe1+ 23. Bxe1 Be6 24. a3 Kf7 25. Bf2 b6 26. Rd3 g6
27. g4 Re8 28. Bh4 c5 29. Kf2 Bc8 30. Rd8 Rxd8 31. Bxd8 c6 32. Kg3 Ba6 33. f5
gxf5 34. gxf5 Bd3 35. Kf4 b5 36. h4 c4 37. h5 Kg7 38. Kg5 Be4 39. h6+ Kh7 40.
Bf6 Bd5 41. Bg7 a5 42. Kf6 c5 43. Ke5 Bf7 44. Kd6 a4 45. Kxc5 Be8 1-0

[Event "67th POL-ch"]
[Site "Warsaw POL"]
[Date "2011.02.20"]
[Round "9"]
[White "Socko, Bartosz"]
[Black "Olszewski, Michal"]
[Result "1/2-1/2"]
[WhiteElo "2660"]
[BlackElo "2532"]
[PlyCount "87"]
[EventDate "2011.02.12"]

1. d4 Nf6 2. c4 g6 3. d5 Bg7 4. Nc3 O-O 5. e4 d6 6. Be2 Nbd7 7. Nf3 Nc5 8. Qc2
e6 9. Be3 Ng4 10. Bxc5 dxc5 11. O-O exd5 12. Nxd5 c6 13. Nc3 Qc7 14. h3 Ne5 15.
Nxe5 Bxe5 16. Bg4 f5 17. exf5 Bxf5 18. Bxf5 Rxf5 19. Rae1 Raf8 20. Re2 Bd4 21.
Ne4 Qf4 22. Qd3 Qh4 23. Qd2 g5 24. Qd3 Kh8 25. b3 h6 26. Kh2 g4 27. Ng3 Rf4 28.
Nh1 gxh3 29. Qxh3 Qg5 30. g3 Rf3 31. Kg2 R3f6 32. Qd7 Qh5 33. Qe7 Qf3+ 34. Kg1
Rg6 35. Qe4 Qh5 36. Qe7 Rfg8 37. Kg2 Rg4 38. Re4 Rxe4 39. Qxe4 Re8 40. Qf3
Qxf3+ 41. Kxf3 h5 42. Rc1 Kg7 43. Rc2 Re1 44. Kg2 1/2-1/2

[Event "67th POL-ch"]
[Site "Warsaw POL"]
[Date "2011.02.20"]
[Round "9"]
[White "Jaracz, Pawel"]
[Black "Swiercz, Dariusz"]
[Result "1/2-1/2"]
[WhiteElo "2543"]
[BlackElo "2540"]
[PlyCount "106"]
[EventDate "2011.02.12"]

1. c4 Nf6 2. g3 e5 3. Bg2 d5 4. cxd5 Nxd5 5. Nc3 Nb6 6. Nf3 Nc6 7. Rb1 Be7 8.
O-O O-O 9. b4 f6 10. b5 Nd4 11. a4 a5 12. e3 Nxf3+ 13. Bxf3 Bf5 14. Bxb7 Bxb1
15. Qb3+ Kh8 16. Qxb1 Rb8 17. Be4 g6 18. Rd1 f5 19. Bg2 Bd6 20. Bb2 Qe7 21. Qc2
h5 22. Ne2 Kh7 23. Bc3 Bb4 24. Ba1 Rbd8 25. d3 Rf7 26. h4 Qe6 27. Kh2 Nd5 28.
Qc4 Re7 29. Rc1 Rdd7 30. Ng1 Nf6 31. Bf1 Ng4+ 32. Kg2 Qxc4 33. Rxc4 e4 34. d4
Rd6 35. Bc3 Bxc3 36. Rxc3 Nf6 37. Rc5 Kg7 38. Bc4 Kf8 39. Bb3 Ke8 40. Ne2 Kd8
41. Nf4 Nd7 42. Rc1 Nf8 43. Kf1 Rg7 44. Ke2 Kc8 45. Rc5 Nd7 46. Rc1 Nf8 47. Rc5
Nd7 48. Rc1 Nb6 49. Rc5 Re7 50. Re5 Kd7 51. Rc5 Kc8 52. Re5 Kd7 53. Rc5 Kc8
1/2-1/2

[Event "67th POL-ch"]
[Site "Warsaw POL"]
[Date "2011.02.20"]
[Round "9"]
[White "Bartel, Mateusz"]
[Black "Kempinski, Robert"]
[Result "1/2-1/2"]
[WhiteElo "2617"]
[BlackElo "2600"]
[PlyCount "195"]
[EventDate "2011.02.12"]

1. e4 c5 2. Nc3 d6 3. Nge2 Nc6 4. g3 g6 5. d4 cxd4 6. Nxd4 Bg7 7. Nde2 Nf6 8.
Bg2 O-O 9. O-O Bd7 10. h3 Rc8 11. a4 Na5 12. Ra2 Be6 13. Nd5 Nc6 14. c3 Ne5 15.
b3 Bxd5 16. exd5 a5 17. Be3 Ned7 18. Qb1 Nc5 19. Nd4 Qd7 20. Re1 e6 21. dxe6
fxe6 22. b4 Nxa4 23. Nxe6 Nxc3 24. Nxf8 Kxf8 25. Qa1 Nxa2 26. Qxa2 axb4 27. Rb1
Qf7 28. Qd2 Rd8 29. Qxb4 Kg8 30. Qa5 Rd7 31. Bxb7 h5 32. Bc6 Re7 33. Qd8+ Kh7
34. Qxd6 Ne4 35. Qd3 Qe6 36. Bd5 Qf5 37. Rb8 Nf6 38. Qxf5 gxf5 39. Bc4 Bh6 40.
Bd4 Bg7 41. Bd3 Ne4 42. Bxg7 Kxg7 43. Rb5 Kf6 44. h4 Nd6 45. Rd5 Re1+ 46. Kg2
Ke6 47. Ra5 Rd1 48. Ra3 Rd2 49. Kf3 Rb2 50. Ke3 Ke5 51. Ra5+ Kf6 52. Ra6 Ke5
53. Ra3 Kf6 54. Ra4 Ke5 55. Ra7 Rb3 56. Ra5+ Kf6 57. Kd4 Rb2 58. Ra6 Ke7 59.
Ke3 Rb3 60. Ra2 f4+ 61. Kd4 fxg3 62. fxg3 Nb5+ 63. Ke3 Nd6 64. Ke2 Ne8 65. Ra7+
Kf6 66. Ra5 Ng7 67. Rg5 Ra3 68. Rg6+ Kf7 69. Rb6 Ke7 70. Rb5 Kf6 71. Ke3 Rc3
72. Rg5 Ra3 73. Rc5 Ke7 74. Ke4 Ne8 75. Re5+ Kf8 76. Rf5+ Ke7 77. Rf3 Ra5 78.
Kf4 Nf6 79. Re3+ Kf8 80. Re5 Rxe5 81. Kxe5 Ng4+ 82. Kf4 Nf2 83. Be4 Kg7 84. Bf3
Nd3+ 85. Kg5 Ne5 86. Bxh5 Nd7 87. Bg4 Nf6 88. Bf5 Ng8 89. Kf4 Nh6 90. Ke5 Nf7+
91. Ke6 Nh6 92. Be4 Ng4 93. Bf3 Nf6 94. Kf5 Ng8 95. Kg5 Nf6 96. h5 Nh7+ 97. Kf5
Kh6 98. g4 1/2-1/2